000 00794nam a22002057a 4500
999 _c11919
_d11919
003 AR-CdUCM
008 190405b ||||| |||| 00| 0 spa d
040 _aMUNICIPALIDAD PROVINCIAL DEL CUSCO
_cBIBLIOTECA MUNICIPAL DEL CUSCO
082 _a780.4 /
_bSA18 / 1929
100 _aSalazar, Adolfo
_95320
245 _aSinfonía y ballet :
_bIdea y gesto en la música y danza contemporáneas /
260 _aMadrid :
_bMundo Latino,
_c1929.
300 _a422 páginas ;
_c20 cm.
505 _aContenidos : Forma y expresión -- El sinfonismo y los sinfonistas del periodo moderno -- Sinfonismo e impresionismo -- Hacia el nuevo sinfonismo ...
650 _aImpresionismo
_911299
650 _aSinfonía
_928414
650 _aBallet
_929536
942 _2ddc
_cLIBROS
945 _arah
_d05/04/2019